000 00286nam a22001217a 4500
020 _a0-7214-2123-7
082 _a823
_bGIF/S
100 _aGIFFORD, CLIVE
245 _aSHERIFF SHOWOFF
260 _a
650 _aENGLISH SHORT STORY
942 _cBK
999 _c2462
_d2462